In-service training in librarianship: (Record no. 609)
[ view plain ]
| 000 -LEADER | |
|---|---|
| fixed length control field | 00968cam a2200289 4500 |
| 001 - CONTROL NUMBER | |
| control field | 609 |
| 003 - CONTROL NUMBER IDENTIFIER | |
| rucl marc code | BD-RjUL |
| 005 - DATE AND TIME OF LATEST TRANSACTION | |
| control field | 20211208233215.0 |
| 008 - FIXED-LENGTH DATA ELEMENTS--GENERAL INFORMATION | |
| fixed length control field | 131118s1971 enk b 000 0 eng d |
| 020 ## - INTERNATIONAL STANDARD BOOK NUMBER | |
| International Standard Book Number | 0902571168 |
| 035 ## - SYSTEM CONTROL NUMBER | |
| System control number | (BD-RjUL)627 |
| 040 ## - CATALOGING SOURCE | |
| Original cataloging agency | DLC |
| Transcribing agency | DLC |
| Modifying agency | BD-RjUL |
| Language of cataloging | eng |
| 041 ## - LANGUAGE CODE | |
| Language code of text/sound track or separate title | eng |
| 082 00 - DEWEY DECIMAL CLASSIFICATION NUMBER | |
| Classification number | 023.5 |
| Edition number | 16 |
| Author mark and year | WEI 1971 |
| 100 1# - MAIN ENTRY--PERSONAL NAME | |
| Personal name | Weeraperuma, Susunaga. |
| 9 (RLIN) | 1860 |
| 245 10 - TITLE STATEMENT | |
| Title | In-service training in librarianship: |
| Remainder of title | a scrutiny of current practices with proposals for reform / |
| Statement of responsibility, etc. | Susunaga Weeraperuma |
| 260 ## - PUBLICATION, DISTRIBUTION, ETC. (IMPRINT) | |
| Place of publication, distribution, etc. | London: |
| Name of publisher, distributor, etc. | Poets and Painters Press [Distributed by Mr. S. Weeraperuma] |
| Date of publication, distribution, etc. | c1971. |
| 300 ## - PHYSICAL DESCRIPTION | |
| Pagination | 40 p. : |
| Size | 22 cm. |
| 350 ## - PRICE (NR) (BK AM CF MU VM SE) [OBSOLETE] | |
| Price | £1.00 |
| 504 ## - BIBLIOGRAPHY, ETC. NOTE | |
| Bibliography, etc | Includes bibliographical references. |
| 650 #0 - SUBJECT ADDED ENTRY--TOPICAL TERM | |
| Topical term or geographic name as entry element | Library education (Continuing education) |
| 9 (RLIN) | 1861 |
| Topical term or geographic name as entry element | Library employees |
| General subdivision | In-service training. |
| 9 (RLIN) | 1862 |
| 856 ## - ELECTRONIC LOCATION AND ACCESS | |
| Materials specified | Worldcat details |
| Uniform Resource Identifier | <a href="http://www.worldcat.org">http://www.worldcat.org</a> |
| 942 ## - ADDED ENTRY ELEMENTS (KOHA) | |
| Source of classification or shelving scheme | Dewey Decimal Classification |
| Koha item type | Books |
| Lost status | Source of classification or shelving scheme | Damaged status | Not for loan | Collection code | Permanent Location | Current Location | Shelving location | Date acquired | Total Checkouts | Full call number | Date last seen | Copy number | Koha item type |
|---|---|---|---|---|---|---|---|---|---|---|---|---|---|
| Dewey Decimal Classification | Not For Loan | Non-fiction | Central Library, University of Rajshahi | Central Library, University of Rajshahi | Reading Room | 22/12/1988 | 023.5 WEI 1971 | 18/11/2013 | C-1 | Books |